00232nam a2200097Ia 4500008004100000245004100041260002200082440000600104942000700110999001700117140130s9999 xx 000 0 und d cTello, JerryaAbuelo y los tres osos bScholastic,c1997 v1 cBK c42084d42084